| 000 | 00532nam a2200181Ia 4500 | ||
|---|---|---|---|
| 008 | 140527s9999 xx 000 0 und d | ||
| 020 | _a9781608714209 | ||
| 050 |
_aPN 4833 _b.B74 2012 |
||
| 100 | _aBriggs, Mark. | ||
| 245 |
_aEntrepreneurial journalism : _bhow to build what's next for news / _cMark Briggs |
||
| 260 |
_aLos Angeles : _bSage, _cc2012. |
||
| 300 |
_a320 p. : _bill. ; _c21 cm. |
||
| 500 | _aIncludes glossary and index. | ||
| 521 | _aMC | ||
| 650 | _aOnline journalism. | ||
| 942 |
_kFOR _cBK |
||
| 999 |
_c117451 _d117451 |
||